| 000 | 00305nam a22000857a 4500 | ||
|---|---|---|---|
| 245 | _aIS 3400 (Part 1) (ISO 37:2017) 2021. Methods of test for vulcanized rubber. Part 1. Tensile stress-strain properties. Fourth Revision | ||
| 260 |
_aNew Delhi _bBureau of Indian Standards _c2021 |
||
| 300 | _a30p. | ||
| 942 | _cST | ||
| 999 |
_c74885 _d74885 |
||